000 01005nam a22002177a 4500
999 _c2476
_d2476
003 AR-CdUCM
008 190304b ||||| |||| 00| 0 spa d
040 _aMUNICIPALIDAD PROVINCIAL DEL CUSCO
_cBIBLIOTECA MUNICIPAL DEL CUSCO
082 _a299.856 /
_bT27
110 _aInstituto Nacional de Cultura Departamental Cusco
_98837
245 _aTaytacha de los Temblores :
_bsiglos de religiosidad andina /
260 _aCusco :
_bInstituto Nacional de Cultura,
_c1993.
300 _a27 páginas. :
_bilustraciones ;
_c20 cm.
500 _adespués del titulo, Confraternidad del Señor de los Temblores del INC-DC
505 _aContenido: Señor de los Temblores -- Semana Santa en el Cusco -- Lunes Santo -- La procesión del Señor de los Temblores -- Breve historia de la imagen del Señor de los Temblores -- Celebraciones al Taytacha de los Temblores ...
650 _aHistoria
_947802
650 _aTradición
_92713
650 _aReligiosidad andina
_944127
942 _2ddc
_cLIBROS
945 _aachl